<?xml version="1.0" encoding="UTF-8"?><?xml-stylesheet type="text/xsl" href="static/style.xsl"?><OAI-PMH xmlns="http://www.openarchives.org/OAI/2.0/" xmlns:xsi="http://www.w3.org/2001/XMLSchema-instance" xsi:schemaLocation="http://www.openarchives.org/OAI/2.0/ http://www.openarchives.org/OAI/2.0/OAI-PMH.xsd"><responseDate>2026-04-13T03:26:38Z</responseDate><request verb="GetRecord" identifier="oai:www.recercat.cat:10256/25746" metadataPrefix="marc">https://recercat.cat/oai/request</request><GetRecord><record><header><identifier>oai:recercat.cat:10256/25746</identifier><datestamp>2025-10-25T08:59:47Z</datestamp><setSpec>com_2072_452992</setSpec><setSpec>com_2072_2054</setSpec><setSpec>col_2072_452995</setSpec></header><metadata><record xmlns="http://www.loc.gov/MARC21/slim" xmlns:dcterms="http://purl.org/dc/terms/" xmlns:xsi="http://www.w3.org/2001/XMLSchema-instance" xmlns:doc="http://www.lyncode.com/xoai" xsi:schemaLocation="http://www.loc.gov/MARC21/slim http://www.loc.gov/standards/marcxml/schema/MARC21slim.xsd">
   <leader>00925njm 22002777a 4500</leader>
   <datafield ind2=" " ind1=" " tag="042">
      <subfield code="a">dc</subfield>
   </datafield>
   <datafield ind2=" " ind1=" " tag="720">
      <subfield code="a">Ortega i Colet, Pau</subfield>
      <subfield code="e">author</subfield>
   </datafield>
   <datafield ind2=" " ind1=" " tag="720">
      <subfield code="a">Pérez Novo, Iago</subfield>
      <subfield code="e">author</subfield>
   </datafield>
   <datafield ind2=" " ind1=" " tag="720">
      <subfield code="a">Pou i Rovira, Quim</subfield>
      <subfield code="e">author</subfield>
   </datafield>
   <datafield ind2=" " ind1=" " tag="260">
      <subfield code="c">2024-10</subfield>
   </datafield>
   <datafield ind2=" " ind1=" " tag="520">
      <subfield code="a">Premi de recerca Guilleries 2022</subfield>
   </datafield>
   <datafield ind2=" " ind1=" " tag="520">
      <subfield code="a">Amb autorització de comunicació pública per part dels titulars del copyright</subfield>
   </datafield>
   <datafield ind2=" " ind1=" " tag="520">
      <subfield code="a">Massissos muntanyosos com el de les Guilleries, amb valls frondoses, cursos fluvials i temperatures fresques, oferien un refugi per a multitud d'espècies. Però l'escenari està canviant. Els rius han reduït els cabals, i masses d'aigua que abans no s'assecaven mai ara no garanteixen que amfibis, libèl·lules i altres organismes aquàtics hi puguin completar el cicle reproductiu. Això implica que els gorgs profunds i les basses, amb usos principalment agrícoles, ramaders o de prevenció d'incendis, suposin una oportunitat creixent per a la conservació d'aquests ambients aquàtics. La recerca aplicada que es proposa en aquest treball, centrada en les masses d'aigua permanents, aporta eines valuoses en aquest sentit. És prioritari poder garantir un bon estat ecològic d'aquestes masses d'aigua, que serviran de refugi climàtic d'espècies amenaçades</subfield>
   </datafield>
   <datafield ind2=" " ind1=" " tag="520">
      <subfield code="a">Aquest treball ha rebut el Premi de Recerca Guilleries 2022, atorgat per la Càtedra interuniversitària de l'Aigua, Natura i Benestar, impulsada per l'Ajuntament de Sant Hilari Sacalm, la Universitat de Vic - Universitat Central de Catalunya i la Universitat de Girona</subfield>
   </datafield>
   <datafield ind2=" " ind1=" " tag="520">
      <subfield code="a">15</subfield>
   </datafield>
   <datafield tag="653" ind2=" " ind1=" ">
      <subfield code="a">Animals d'aigua dolça -- Catalunya -- Guilleries (Massís)</subfield>
   </datafield>
   <datafield tag="653" ind2=" " ind1=" ">
      <subfield code="a">Freshwater animals -- Catalonia -- Guilleries (Mountain)</subfield>
   </datafield>
   <datafield tag="653" ind2=" " ind1=" ">
      <subfield code="a">Animals d'aigua dolça -- Factors climàtics -- Catalunya -- Guilleries (Massís)</subfield>
   </datafield>
   <datafield tag="653" ind2=" " ind1=" ">
      <subfield code="a">Freshwater animals -- Climatic factors -- Catalonia -- Guilleries (Mountain)</subfield>
   </datafield>
   <datafield tag="653" ind2=" " ind1=" ">
      <subfield code="a">Natura -- Protecció -- Catalunya -- Guilleries (Massís)</subfield>
   </datafield>
   <datafield tag="653" ind2=" " ind1=" ">
      <subfield code="a">Nature conservation -- Catalonia -- Guilleries (Mountain)</subfield>
   </datafield>
   <datafield tag="653" ind2=" " ind1=" ">
      <subfield code="a">Guilleries (Catalunya : Massís)</subfield>
   </datafield>
   <datafield tag="653" ind2=" " ind1=" ">
      <subfield code="a">Guilleries (Catalonia : Mountain)</subfield>
   </datafield>
   <datafield ind2="0" ind1="0" tag="245">
      <subfield code="a">Refugis climàtics per a la fauna aquàtica de les Guilleries</subfield>
   </datafield>
</record></metadata></record></GetRecord></OAI-PMH>